Top 1000 Baby Girl Names in 2022 - USA - Statistics

General Stats
  • This quiz has been taken 1,969 times
  • The average score is 113 of 200
Answer Stats
Answers % Correct
Olivia Emma Charlotte Amelia Sophia
96%
Aubrey Emery Anna Iris Bella
92%
Eleanor Emily Chloe Mila Violet
92%
Isabella Ava Mia Evelyn Luna
92%
Arya Eliza Charlie Peyton Daisy
90%
Penelope Gianna Aria Abigail Ella
90%
Aurora Nova Ellie Madison Grace
89%
Avery Hazel Nora Layla Lily
89%
Harper Camila Sofia Scarlett Elizabeth
89%
Maria Adeline Lydia Sarah Nevaeh
89%
Kinsley Ruby Sophie Alice Genesis
88%
Rosalie Sara Jasmine Ruth Adalyn
88%
Eliana Ivy Victoria Emilia Zoey
87%
Isla Willow Zoe Riley Stella
87%
Mary Isabelle Alaia Esther Sloane
87%
Naomi Hannah Lucy Elena Lillian
87%
Samantha Rylee Eva Melody Clara
87%
Brielle Eden Remi Josie Rose
86%
Helen Lana Daleyza Rosie Charli
84%
Isabel Oakley Olive Oaklynn Ember
84%
Maya Leah Paisley Addison Natalie
83%
Skyler Amber Hanna Monroe Frankie
83%
Zara Alaina Alana Brynlee Amy
83%
Julianna Lauren Catherine Adriana Madilyn
82%
Annie Saylor Ana Amira Kimberly
81%
Claire Audrey Sadie Aaliyah Josephine
81%
Eloise Skylar Jade Gabriella Ariana
81%
Lucia Millie Margaret Freya Melanie
81%
Sierra Sunny Indie Eve Beatrice
81%
Hadley Julia Piper Juniper Parker
80%
Magnolia Kehlani Summer Ashley Andrea
80%
Alexis Everlee Laura Selah Reign
79%
Aspen Gemma Kylie Molly Blake
79%
Autumn Brooklyn Quinn Kennedy Cora
79%
Jacqueline Jennifer Imani Jordan Paislee
79%
Teagan Adelyn Alyssa Payton Jane
79%
Ainsley Emmy Jessica Alondra Mae
78%
Savannah Caroline Athena Natalia Hailey
78%
Sylvie Nadia Ari Lexi Mylah
78%
Brinley Kate Salem Marlee Alison
76%
Rebecca London Noa Samara Thea
76%
Angela Hallie Diana Lennon Presley
75%
Joanna Nicole Annabelle Raegan Aitana
75%
Kaylee Georgia Juliette Anastasia Genevieve
75%
Khloe Callie Elsie Alexandra Ryleigh
75%
Leia Gracie Dakota Elise Hope
75%
Teresa Amelia Judith Kara Lacey
75%
Allison Madeline Vivian Maeve Lyla
74%
Destiny Elle Makayla Alaya Malani
74%
Nyla Delaney Mariana Rachel Adaline
74%
Yara Anne Addilyn Braelynn Lilian
74%
Alexa Macie Ariya Briana Virginia
73%
Elia Lenora Lisa Nori Tiffany
73%
Emmie Henley Sky Christina Violeta
73%
Cali Melissa Aniyah Izabella Michelle
72%
Vanessa Camilla Mabel Jocelyn Journey
72%
Brianna June Alani Lainey Arianna
71%
Kendall Mya Talia Winter Angelina
71%
Marleigh Wrenlee Zaylee Fallon Julie
71%
Ada Bailey Ariella Wren Myla
70%
Camille Ariel Aubree Selena Sawyer
70%
Haisley Allie Helena Danielle Katalina
70%
Alora Gia Evangeline Brooke Lilith
69%
Hattie Alicia Sabrina Gracelyn Matilda
69%
Faith Norah Margot Zuri Journee
68%
Mckenna Celeste Juliet Palmer Maggie
68%
Pearl Skyla Bria Ocean Alisson
68%
Serena Francesca Brynn Gwendolyn Kira
68%
Sutton Taylor Finley Lilah Juliana
68%
Vivienne Esme Laila Nina Trinity
68%
Flora Kylee Liv Megan Sariyah
67%
Remy Chaya Haley Kaliyah Rosa
67%
Stephanie Alma Mira Legacy Jolene
67%
Aisha Kora Amanda Ailani Elaine
66%
Noelle Kamila Morgan Phoebe Harmony
66%
Rowan Marley Daphne Kayla Dahlia
66%
Angel Cecelia Maliyah Oakleigh Opal
65%
Katherine Blakely Reese Amaya Emerson
65%
Nalani Kyla Clementine Katie Kennedi
65%
Zariyah Rhea Emberly Marie Nia
65%
Anya Dorothy Paris Yaretzi Aurelia
64%
Sydney Ophelia Alayna Tatum Evie
64%
Carmen Felicity Fernanda Holly Ariah
63%
Skye Annalise Frances Miracle Maia
63%
Valentina Everly Delilah Leilani Madelyn
63%
Bethany Irene Ellianna Zelda Aleah
62%
Harlow Lola Stevie Malia Miriam
62%
Marlowe Promise Joelle Dulce Lea
62%
Paula Valery Birdie Nala Kelly
62%
Barbara Belle Saanvi Xyla Winona
61%
Lila Londyn Kailani Vera Kaia
61%
Mackenzie Amara Ximena Sage Cecilia
61%
Adelina Raya Astrid Azalea Veronica
60%
Carolina Zariah Navy Cassidy Lorelai
60%
Oaklyn Kinley Kayleigh Bonnie April
60%
Wynter Fiona Brooklynn Gracelynn Luciana
60%
Heaven Lyra Estella Gabrielle Maren
59%
Meadow Anaya Elisa Raven Alexandria
59%
Janelle Yareli Adalee Dani Marceline
58%
Leila Collins Lia Octavia Kali
58%
Lena Kiara Kaylani Elaina Daniela
58%
Sloan Analia Louise Melina Sasha
58%
Aileen Macy Estelle Hana Martha
57%
Lucille Blair Adelaide Wrenley Haven
57%
Andi Milena Noor Kataleya Kimber
56%
Valeria Reagan Valerie Catalina River
56%
Dream Nayeli Poppy Gabriela Jayla
55%
Elliana Adalynn Alina Emersyn Sienna
55%
Harley Tessa Evelynn Elianna Rory
55%
Selene Chelsea Scout Theodora Lara
55%
Emely Rylie Colette Daniella Liana
54%
Kenna Vienna Zendaya Cheyenne Erin
54%
Arabella Aliyah Lilly Milani Jordyn
53%
Aylin Maryam Scarlet Antonella Sylvia
53%
Gloria Keilani Freyja Arleth Jenna
53%
Makenzie Bristol Edith Cameron Elora
53%
Zora Allyson Brittany Kamiyah Gwen
53%
Mikayla Margo Noah Azariah Mara
51%
Serenity Liliana Ayla Everleigh Raelynn
51%
Willa Sage Makenna Remington Demi
51%
Alexia Dalia Ensley Hayley Jayda
50%
Marina Aliana Ezra Adley Cassandra
50%
Paige Phoenix Amina Alivia Amari
50%
Alayah Rosemary Lilliana Ariyah Heidi
49%
Ashlynn Zoya Elliot Jolie Kai
49%
Abby Alia Emerie Lylah Holland
48%
Charlee Maisie Regina Adelynn Briella
48%
Eileen Florence Melany Reina Journi
48%
Giovanna Jaylah Rosalyn Chanel Maddie
48%
Giselle Fatima Danna Alessia Mckenzie
48%
Savanna Naya Alena Aya Waverly
48%
Aleena Leslie Capri Mckinley Angelica
47%
Bridget Johanna Paulina Ramona Aila
47%
Raelyn Alessandra Viviana Madeleine Arielle
47%
Amani Ryan Calliope Isabela Michaela
46%
Cataleya Celine Hayden Shiloh Mariah
46%
Galilea Penny Jovie Jamie Amoura
46%
Carly Jream Samira Ashlyn Hunter
45%
Amayah Karina Kendra Miley Laney
44%
Casey Laylani Tru Billie Lottie
44%
Kinslee Linda Madisyn Aspyn Baylor
44%
Tiana Khaleesi Nellie Cleo Murphy
44%
Amaia Kaitlyn Elliott Kelsey Nola
43%
Dylan Amirah Lina Reyna Amalia
43%
Ainhoa Maleah Neriah Elsa Emiliana
42%
Miranda Dayana Charleigh Meredith Carter
42%
Natasha Sol Annika Malayah Drew
42%
Rowyn Vida Elisabeth India Ryann
42%
Anika Marisol Kassidy Roselyn Louisa
41%
Kamryn Mallory Briar Leona Keira
41%
Arlet Belen Aviana Kori Monica
40%
Jessie Mercy Rayne Rivka Arlette
40%
Marilyn Novah Ellis Charley Jemma
40%
Romina Della Kathryn Kyra Milan
39%
Loretta Elyse Stormi Adele Berkley
38%
Luella Nancy Cielo Madalyn Kahlani
38%
Priscilla Bellamy Adrianna Angie Siena
38%
Robin August Jazmine Royal Braelyn
38%
Madilynn Alejandra Alanna Ivanna Miriam
37%
Layne Scottie Carla Chandler Rosalina
36%
Bianca Royalty Sarai Amiyah Nylah
35%
Harmoni Jada Marigold Zayla Ayleen
35%
Myra Blaire Davina Faye Anahi
35%
Esmeralda Logan Amora Kalani Leighton
34%
Jazlyn Averie Ivory Kenzie Emelia
34%
Jianna Cadence Greta Lilianna Denver
34%
Mina Kensley Lennox Maxine Hadassah
34%
Sevyn Winnie Leyla Shelby Rosalia
34%
Amiri Elowyn Georgina Justice Emmalyn
33%
Aubrielle Bexley Giana Keyla Katelyn
33%
Julieta Lorelei Avianna Armani Camryn
33%
Whitley Bailee Cynthia Karter Livia
33%
Dior Thalia Noemi Maci Dallas
32%
Joyce Kamilah Maisy Rylan Soleil
32%
Karla Mikaela Jazmin Persephone Elodie
31%
Laurel Leilany Halle Jenesis Malaya
31%
Anais Angelique Zhuri Aliya Azaria
30%
Tinsley Zainab Deborah Kenia Laylah
29%
Coraline Estrella Ila Iyla Mavis
28%
Emory Joy Oaklee Lyric Madelynn
28%
Yasmin Kaiya Emberlynn Amaris Sapphire
28%
Julissa Paloma Rosalee Rebekah Simone
27%
Maddison Renata Jimena Xiomara Itzel
26%
Chana Zaniyah Goldie Marianna Novalee
25%
Milana Zaria Emerald Halo Taytum
24%
Celia Yamileth Avayah Baylee Iliana
22%
Kallie Shay Guinevere Lilyana Magdalena
22%
Brynleigh Aliza Kiana Love Clover
21%
Avah Leanna Luz Addilynn Brylee
20%
Treasure Lillie Jaylani Liberty Rayna
20%
Inaya Keily Lakelynn Nyra Princess
19%
Vada Giuliana Elina Hadlee Itzayana
19%
Saoirse Sariah Araceli Artemis Averi
18%
Aadhya Indigo Lakelyn Paola Emmeline
17%
Alianna Meilani Lexie Nathalia Avalynn
17%
Harlee Kamari Kaydence Khalani Luisa
16%
Aubrie Veda Janiyah Salma Araya
15%
Kaira Lauryn Nyomi Raina Aubriella
15%
Zahra Jayleen Karsyn Malaysia Jaliyah
15%
Egypt Scarlette Sarahi Alaiyah Hadleigh
12%
No matching quizzes found
Score Distribution
Percent of People with Each Score
Percentile by Number Answered
Your Score History
You have not taken this quiz